Metric Pattern Cutting for Menswear (Record no. 10851)

MARC details
000 -LEADER
fixed length control field 00389nam a2200145Ia 4500
008 - FIXED-LENGTH DATA ELEMENTS--GENERAL INFORMATION
fixed length control field 191201s2011 xx 000 0 und d
082 ## - DEWEY DECIMAL CLASSIFICATION NUMBER
Classification number 687.02
Item number ALM
100 ## - MAIN ENTRY--PERSONAL NAME
Personal name ALDRICH, Winifred
245 #0 - TITLE STATEMENT
Title Metric Pattern Cutting for Menswear
250 ## - EDITION STATEMENT
Edition statement 5th
260 ## - PUBLICATION, DISTRIBUTION, ETC. (IMPRINT)
Place of publication, distribution, etc New delhi
Name of publisher, distributor, etc Wiley India
Date of publication, distribution, etc 2019
300 ## - PHYSICAL DESCRIPTION
Extent 198
650 ## - SUBJECT ADDED ENTRY--TOPICAL TERM
Topical term or geographic name as entry element Bachelor of Fashion and Apparel Design
942 ## - ADDED ENTRY ELEMENTS (KOHA)
Source of classification or shelving scheme Dewey Decimal Classification
Koha item type Text Books
942 ## - ADDED ENTRY ELEMENTS (KOHA)
-- 1
Holdings
Withdrawn status Lost status Source of classification or shelving scheme Damaged status Not for loan Collection code Home library Current library Date acquired Source of acquisition Currency Cost, normal purchase price Bill Number Total Checkouts Full call number Acc. no. / Barcode Date last seen Actual Cost, discounted price Bill Date Koha item type Date last borrowed
    Dewey Decimal Classification     Bachelor of Fashion and Apparel Design PIET NCR College Library PIET NCR College Library 11/08/2021 Kirti Prakashan IN Rupees 995.00 IN2356   687.02 ALM N1893 17/08/2021 686.55 11/08/2021 Text Books  
    Dewey Decimal Classification     Bachelor of Fashion and Apparel Design PIET NCR College Library PIET NCR College Library 11/08/2021 Kirti Prakashan IN Rupees 995.00 IN2356 1 687.02 ALM N1894 14/12/2021 686.55 11/08/2021 Text Books 17/11/2021
    Dewey Decimal Classification     Bachelor of Fashion and Apparel Design PIET NCR College Library PIET NCR College Library 11/08/2021 Kirti Prakashan IN Rupees 995.00 IN2356   687.02 ALM N1895 17/08/2021 686.55 11/08/2021 Text Books  
    Dewey Decimal Classification     Bachelor of Fashion and Apparel Design PIET NCR College Library PIET NCR College Library 11/08/2021 Kirti Prakashan IN Rupees 995.00 IN2356   687.02 ALM N1896 17/08/2021 686.55 11/08/2021 Text Books  
    Dewey Decimal Classification     Bachelor of Fashion and Apparel Design PIET NCR College Library PIET NCR College Library 11/08/2021 Kirti Prakashan IN Rupees 995.00 IN2356   687.02 ALM N1897 17/08/2021 686.55 11/08/2021 Reference Books  

Design & Developed by: PIET Central Library
R70 Miles Stone Pattikalyana Samalkha Panipat 132102
mail ID :- [email protected], Phone No:- 0180-2569700 Ex.216